00505nam a2200145Ia 4500008004100000100001800041245006400059250000800123260004200131300000800173650001500181942001200196999001500208952013600223191201s2002 xx 000 0 und d aRAI, Inderpal 0aTextile Industry Problems and Prospects in the 21st Century a1st aN.DelhibBook Treasure, Jodhpurc2002 a177 aB.Tech(TE) 2ddccBK c2516d2516 00102ddc40708BTECHTEaPIETbPIETd2007-01-17eAbhishek Publicationsg150.00k7986l0p5310r2019-12-04 00:00:00w2006-02-13yBK